1251 1399 1887 1062 1816 1066 1712 1147 1339 1560 1811 1116 1974 1879 1538 1898 1500 1265 1491 1247 1424 1894 1485 1517 1210 1830 1752 1596 1687 1860 1935 1014 1054 1821 1607 1853 1382 1167 1786 1691 1761 1016 1466 1237 1086 1377 1855 1456 1671 1456 1344 1309 1053 1593 1160 1836 1804 1434 1464 1423 1769 1573 1191 1534 1305 1140 1297 1375 1926 1191 1252 1007 1880 1326 1112 1895 1549 1505 1496 1603 1028 1450 1191 1677 1794 1203 1896 1102 1652 1119 1177 1645 1482 1466 1188 1779 1812 1542 1054 BCNSPRNW ULIB Ver.6.0+V

เปลี่ยนเป็นภาษาไทย

Change to English
 แสดงรายละเอียดบรรณานุกรม
  กลับหน้าหลัก

Brief Record : Get Marc (ISO 2709) : E-mail record : QR code < ปิดหน้าต่าง
LEADER : 00000nam 2200000uu 4500
001    13399113592
003     ULIB
008    111202s2542||||th 000 0 tha d
020    ^a9746112848(ล.2)
060  4 ^aWA310^bม226อ ล.2 2542
110 1  ^aมหาวิทยาลัยสุโขทัยธรรมาธิราช^bสาขาวิชาวิทยาศาสตร์สุขภาพ
245 00 ^aเอกสารการสอนชุดวิชา อนามัยแม่และเด็กและการวางแผนครอบครัว หน่วยที่9-15=^bMaternal and Child Health and Family Planning /^cสาขาวิชาวิทยาศาสตร์สุขภาพ มหาวิทยาลัยสุโขทัยธรรมาธิราช
246 0  ^aMaternal and Child Health and Family Planning
250    ^aพิมพ์ครั้งที่ 9
260    ^aนนทบุรี:^bศูนย์หนังสือมหาวิทยาลัยสุโขทัยธรรมาธิราช,^c2542
300    ^a2 เล่ม :^b901 หน้า
650  7 ^aครอบครัว^xการวางแผน
650  7 ^aเด็ก^xการบริบาลและสุขวิทยา
650  7 ^aอนามัยแม่และเด็ก
945    ^p0^l0^i10592
945    ^p0^l0^i10591
995    ^aกัณชพร
999    ^aใช้งานได้ทุกระบบ
รายการนี้ยังไม่มีแท็ก
คุณยังไม่ได้ล็อกอิน คุณสามารถมีกิจกรรมร่วมกับเว็บไซต์ได้ แต่ต้องล็อกอินก่อน ::
  ล็อกอิน

รายการสื่อสารสนเทศ

ลำดับที่ ประเภท เลขเรียก/บาร์โค้ด สถานที่ สถานะ
- ไม่พบข้อมูล -

รายการใกล้เคียง
    หัวเรื่อง [อนามัยแม่และเด็ก]

BibComment


ยังไม่เคยถูกคอมเมนท์

คอมเมนท์ทรัพยากรรายการนี้
  คอมเมนท์: เอกสารการสอนชุดว..


 Copyright 2026. Bcnsprnw @Library